000 00676nam a2200217Ii 4500
003 JO-AjNU
008 230606s9999||||xx |||||||||||||| ||und||
020 _a0-13-903625-3/0-13-903617-2
040 _aJO-AjNU
_beng
_erda
_cJO-AjNU
041 _aeng
050 1 4 _aPS3545.I5365 .Z845 19971977
100 3 _a Stanton, Stephen(editor),
_eauthor
_95456
245 0 0 _aTennessee Williams: A collection of Critical Essays
264 3 1 _aLondon : Printice-Hall ,1977
300 _a194p
336 _atext
_btxt
_2rdacontent
337 _aunmediated
_bn
_2rdamedia
338 _avolume
_bnc
_2rdacarrier
490 0 _aTwentieth -century views
650 4 _aWilliams-Criticism
_95457
999 _aE2820
_c2818
_d2818